| 000 -LEADER |
| fixed length control field |
00833nam a2200277Ia 4500 |
| 001 - CONTROL NUMBER |
| control field |
22706 |
| 003 - CONTROL NUMBER IDENTIFIER |
| control field |
GE_BSU |
| 005 - DATE AND TIME OF LATEST TRANSACTION |
| control field |
20230424165555.0 |
| 008 - FIXED-LENGTH DATA ELEMENTS--GENERAL INFORMATION |
| fixed length control field |
181216s ||||ge |||||||||||||| ||eng|| |
| 020 ## - INTERNATIONAL STANDARD BOOK NUMBER |
| International Standard Book Number |
ISBN 07216-9019-X |
| 040 ## - CATALOGING SOURCE |
| Transcribing agency |
GE_BSU |
| 080 ## - UNIVERSAL DECIMAL CLASSIFICATION NUMBER |
| Universal Decimal Classification number |
616-053.2 V-32 |
| 245 ## - TITLE STATEMENT |
| Title |
Nelson textbook of pediatrics / |
| Statement of responsibility, etc. |
Victor C.III Vaughan, R. James McKay ; Waldo E. Nelson. |
| 250 ## - EDITION STATEMENT |
| Edition statement |
Eleventh Edition |
| 264 ## - PRODUCTION, PUBLICATION, DISTRIBUTION, MANUFACTURE, AND COPYRIGHT NOTICE |
| Place of production, publication, distribution, manufacture |
Philadelphia : |
| Name of producer, publisher, distributor, manufacturer |
Saunders, |
| Date of production, publication, distribution, manufacture, or copyright notice |
1979. |
| 300 ## - PHYSICAL DESCRIPTION |
| Extent |
2170 p. : |
| Other physical details |
ill. ; |
| Dimensions |
27 cm. |
| 653 ## - INDEX TERM--UNCONTROLLED |
| keyword |
Nelson textbook of pediatrics |
| 653 ## - INDEX TERM--UNCONTROLLED |
| keyword |
Pediatrics |
| 653 ## - INDEX TERM--UNCONTROLLED |
| keyword |
მედიცინა |
| 653 ## - INDEX TERM--UNCONTROLLED |
| keyword |
პედიატრია |
| 700 ## - ADDED ENTRY--PERSONAL NAME |
| Personal name |
R. James McKay, |
| Dates associated with a name |
by |
| 9 (RLIN) |
17763 |
| 700 ## - ADDED ENTRY--PERSONAL NAME |
| Personal name |
Richard E.Berman |
| Dates associated with a name |
by |
| 9 (RLIN) |
17764 |
| 700 ## - ADDED ENTRY--PERSONAL NAME |
| Personal name |
Waldo E. Nelson |
| Dates associated with a name |
Editor |
| 9 (RLIN) |
17765 |
| 942 ## - ADDED ENTRY ELEMENTS (KOHA) |
| Koha item type |
წიგნი |
| Source of classification or shelving scheme |
|